000 00611nam a2200229Ia 4500
008 180523s9999 xx 000 0 und d
020 _a978-0-07-146751-3
050 _aMAIN HD 30.28
050 _b.D53 2007
100 _aDickson, Greg Balanko -
245 0 _aTips and traps for writing an effective business plan /
245 0 _cGreg Balanko-Dickson.
260 _aNew York :
260 _bMcGraw-Hill,
260 _c2007
300 _a387 pages :
300 _billustrations ;
300 _c23 cm.
500 _aIncludes index.
650 _aBusiness planning.
650 _xBusiness writing.
999 _c356817
_d356817